|
|
|
|
| LEADER |
00000nam a22000007a 4500 |
| 005 |
20210513232651.0 |
| 007 |
cr|||| ||| |
| 008 |
210513s2014 co |||||s|||| 00||0 spa d |
| 020 |
|
|
|a 978-958-762-252-2
|
| 035 |
|
|
|a 33392
|
| 040 |
|
|
|a vLex
|
| 090 |
|
|
|c 11654
|d 11654
|
| 100 |
1 |
|
|a Cruz Herradn̤, Ana Mara̕
|
| 245 |
1 |
0 |
|a Marketing para autn̤omos
|h [Recurso electrn̤ico] /
|c Ana Mara̕ Cruz Herradn̤
|
| 256 |
|
|
|a Servicio en ln̕ea
|
| 260 |
|
|
|a Bogot:̀
|b Ediciones de la U,
|c 2014
|
| 300 |
|
|
|a 1 recurso electrn̤ico
|
| 500 |
|
|
|a En la actualidad, debido principalmente a la gran incertidumbre existente en el mercado laboral, son muchas las personas que inician una actividad empresarial por su cuenta, convirtiňdose de esta manera en empresarios individuales (o autn̤omos) que asumen la responsabilidad de hacerse cargo de sus negocios, con los riesgos que ello implica, pero confiados en conseguir un ?trocito? de mercado con el que poder llevar adelante su empresa y convertirla en su medio de vida. Sin embargo, ms̀ a menudo de lo que a priori pueda parecer, muchas de estas personas no parecen darse cuenta de que pertenecer al Rǧimen de Autn̤omos les convierte en empresarios, puede que pequeǫs e individuales, pero al fin y al cabo empresarios que, como todos, buscan la mx̀ima rentabilidad para su empresa.
|
| 506 |
1 |
|
|a Disponible solo en los productos indicados
|d vLex Global
|d vLex Global (Academic Edition, excluding Law Schools)
|d vLex Global (U.S. Academic Edition, Law Schools)
|d vLex Global (U.S. Academic Edition, excluding Law Schools)
|d vLex Global (Academic Edition, Law Schools)
|
| 650 |
0 |
4 |
|a Marketing
|z Colombia
|
| 740 |
0 |
|
|a vLex Libros (Servicio en ln̕ea)
|
| 856 |
4 |
0 |
|u https://vlex.com/source/marketing-para-autonomos-33392
|z Acceso restringido
|
| 942 |
|
|
|c BOOK
|
| 999 |
0 |
|
|a Marketing
|